|
|
|
|
| LEADER |
00000nab a2200000uu 4500 |
| 001 |
vtls011480690 |
| 003 |
SK-MaSNL |
| 005 |
20260303160030.0 |
| 008 |
230222|2004 xo |||||||||||||||||eng| |
| 015 |
|
|
|a SNBRB
|
| 035 |
|
|
|a (urnnbn)urn:nbn:sk:snk:ar-005d7x
|
| 035 |
|
|
|a (uuid)2353647f-6526-41fa-bfd6-482600f4bc89
|
| 035 |
|
|
|a urn:nbn:sk:snk-abd86k
|
| 040 |
|
|
|a SNKBUCL
|b slo
|c SNKBUCL
|e AACR2
|
| 041 |
0 |
|
|a eng
|
| 044 |
|
|
|a xo
|c SK
|
| 100 |
1 |
|
|a Selskiene, A.
|4 aut
|9 1177023
|
| 245 |
1 |
0 |
|a METALLOGRAPHIC EXAMINATION OF THE FORGE WELDS IN IRON AND STEEL
|c T. Pilkaite, G. Žaldarys, A. Selskiene, J. Navasaitis
|
| 246 |
3 |
|
|a METALOGRAFICKÝ VÝSKUM ZVAROV VYROBENÝCH KOVANÍM V ŽELEZE A OCELI
|
| 700 |
1 |
|
|a Žaldarys, G.
|4 aut
|9 1180147
|
| 700 |
1 |
|
|a Navasaitis, J.
|4 aut
|9 1180302
|
| 700 |
1 |
|
|a Pilkaite, T.
|4 aut
|9 1180303
|
| 773 |
0 |
|
|t Acta Metallurgica Slovaca : časopis Hutníckej fakulty Technickej univerzity Košice
|g Roč. 10, č. 1 (2004), s. 379-383
|
| 958 |
|
|
|a OND
|
| 958 |
|
|
|a EUIPO
|
| 958 |
|
|
|a article18
|
| 999 |
|
|
|c 2043938
|d 2045868
|